| Registos Bibliográficos associados ao registo de autoridade |
|
Etiqueta de registo: 00254nam 2200025 450 001 2287774 003 http://id.bnportugal.gov.pt/bib/catbnp/2287774 021 ## $aPT$b546170/25 100 ## $a20260612d2025 m y0pory01030103ba 101 0# $apor 102 ## $aPT 105 ## $aa z 000yy 106 ## $ar 200 1# $aFrassati$emodelo fascinante para a juventude de hoje$fAristónico Montero$gil. Felix Hernandez$gtrad. Mª Amália, Fernando Silva Nunes 210 #9 $a[S.l.$cs.n.]$dD.L. 2025$eFátima$gIndugráfica) 215 ## $a39, [1] p.$cil.$d21 cm 700 #1 $aMontero,$bAristónico$32000459 702 #1 $aHernandez,$bFelix$4440$32000460 702 #1 $91$aMaria Amália$4730$32000912 702 #1 $aNunes,$bFernando José Silva$4730$3816626 801 #0 $aPT$bBN$gRPC 966 ## $lBN$mFGMON$x1 966 ## $lBN$mFGMON$x1 971 ## $cabrito$d20260612
|
|
|